Zelda Fitzgerald. La vida moderna
Spremljeno u:
| Glavni autor: | |
|---|---|
| Daljnji autori: | |
| Format: | Nepoznato |
| Jezik: | engleski |
| Izdano: |
Madrid, España.
Abada,
2019
|
| Serija: | Voces
|
| Teme: | |
| Oznake: |
Dodaj oznaku
Bez oznaka, Budi prvi tko označuje ovaj zapis!
|
MARC
| LEADER | 00000 a2200000 4500 | ||
|---|---|---|---|
| 003 | CL-VaPUC | ||
| 005 | 20211005124621.0 | ||
| 008 | 210827b2019 ||||| |||| 00| 0 eng d | ||
| 999 | |c 433427 |d 433425 | ||
| 020 | |a 9788417301415 | ||
| 040 | |c Pontificia Universidad Católica de Valparaíso | ||
| 082 | |a 759.13 FIT 2019 | ||
| 100 | 1 | |a Fitzgerald, Zelda |9 863094 | |
| 245 | 1 | 3 | |a Zelda Fitzgerald. |b La vida moderna |
| 260 | |a Madrid, España. |b Abada, |c 2019 | ||
| 300 | |a 137 páginas | ||
| 490 | |a Voces | ||
| 583 | |k Cristina Rojas |c 20210827 | ||
| 600 | |a Fitzgerald, Zelda |d 1900-1948 |9 863095 | ||
| 700 | |a Martínez-Cabeza, Miguel Angel |e editor |9 863096 | ||
| 942 | |2 ddc |c BK | ||
| 952 | |0 0 |1 0 |2 ddc |4 0 |6 759_130000000000000_FIT_2019 |7 0 |8 A |9 578774 |a BIBART |b BIBART |d 2021-08-30 |e 135 |g 14000.00 |i 5588170 |o 759.13 FIT 2019 |p 5588170 |r 2025-03-13 |t 1 |v 14000.00 |w 2021-08-30 |y BK |k ART | ||